[Event "II Criciúma Chess Open - A1700 - 12-18"]
[Site "Criciúma SC"]
[Date "2024.01.17"]
[Round "8.6"]
[White "Perdomo, Leandro"]
[Black "Piccoli, Lucas Fonseca"]
[Result "1/2-1/2"]
[WhiteElo "2382"]
[BlackElo "2263"]
[PlyCount "51"]
[EventDate "2024.01.12"]
[EventRounds "9"]
[EventCountry "BRA"]

1. d4 Nf6 2. c4 e6 3. Nc3 Bb4 4. Bd2 a5 5. Nf3 d5 6. e3 O-O 7. Rc1 b6 8. cxd5
exd5 9. Ne5 Bb7 10. Bd3 c5 $146 ({RR} 10... Nbd7 11. Nb5 c5 12. Nxd7 Nxd7 13.
a3 Bxd2+ 14. Qxd2 c4 15. Bb1 Nf6 16. O-O Bc6 17. Nc3 b5 18. f3 Qb6 19. Rfe1 b4
20. axb4 axb4 21. Nd1 Rfd8 22. Nf2 h5 23. Kh1 g6 24. Rg1 Ra1 25. Bc2 {Moksh,A 
(2233)-Indjic,A (2620) Sitges ESP 2018 0-1 (42)}) ({RR} 10... Be7 11. O-O c5
12. Be1 Nc6 13. f3 cxd4 14. Nxc6 Bxc6 15. Ne2 Bb7 16. Nxd4 Nd7 17. Bb5 Ne5 18.
Bg3 Bf6 19. b3 Rc8 20. Qd2 Rc5 21. a4 Qe7 22. Rxc5 bxc5 23. Ne2 d4 24. exd4
cxd4 25. Nf4 {Martinovic,S (2554)-Biliskov,V (2313) Zadar CRO 2018 1-0}) 11.
O-O Na6 12. a3 Bxc3 13. bxc3 c4 14. Bc2 b5 15. Rb1 Nc7 16. a4 Ba6 17. f3 Nd7
18. f4 Nf6 19. Qf3 Qd6 20. g4 Rab8 21. axb5 Nxb5 22. g5 Ne4 23. Bxe4 dxe4 24.
Qxe4 Bb7 25. Qf5 Bc8 26. Qe4 1/2-1/2

[Event "II Criciúma Chess Open - A1700 - 12-18"]
[Site "Criciúma SC"]
[Date "2024.01.17"]
[Round "8.7"]
[White "Contin, Daniel"]
[Black "Gemy, Jose Daniel"]
[Result "1/2-1/2"]
[WhiteElo "2203"]
[BlackElo "2329"]
[PlyCount "21"]
[EventDate "2024.01.12"]
[EventRounds "9"]
[EventCountry "BRA"]

1. c4 Nf6 2. Nc3 e6 3. e4 d5 4. e5 d4 5. exf6 dxc3 6. bxc3 Qxf6 7. d4 c5 8. Nf3
h6 9. Bd3 cxd4 10. cxd4 Bb4+ 11. Kf1 1/2-1/2

[Event "II Criciúma Chess Open - A1700 - 12-18"]
[Site "Criciúma SC"]
[Date "2024.01.17"]
[Round "8.8"]
[White "Filgueiras, Nathan Felipe"]
[Black "Rodi, Luis Ernesto"]
[Result "1/2-1/2"]
[WhiteElo "2321"]
[BlackElo "2196"]
[PlyCount "50"]
[EventDate "2024.01.12"]
[EventRounds "9"]
[EventCountry "BRA"]

1. c4 Nf6 2. Nf3 c6 3. b3 g6 ({RR} 3... d6 4. Bb2 e5 5. d3 g6 6. e3 Bg7 7. Be2
O-O 8. O-O Nbd7 9. Nbd2 Qe7 10. Qc2 h6 11. Rfc1 c5 12. a3 Nh7 13. b4 {1/2-1/2 
(13) Speelman,J (2555)-Levitt,J (2432) London 2004}) 4. Bb2 Bg7 5. e4 ({RR} 5.
Qc2 O-O 6. d3 d6 7. Nbd2 Bg4 8. e3 Na6 9. Be2 Nc7 10. h3 Bxf3 11. Nxf3 Qd7 12.
g4 e5 13. O-O-O Ne6 14. Kb1 a5 15. a3 b5 16. g5 Ne8 17. h4 f6 18. Rdg1 a4 19.
b4 c5 {Bosboom,M (2405)-Van Puyvelde,S (1760) Geraardsbergen BEL 2019 1-0 (31)}
) 5... d5 $146 ({RR} 5... d6 6. d3 O-O 7. Be2 a5 8. O-O Na6 9. Nbd2 e5 10. d4
exd4 11. Bxd4 Re8 12. Qc2 Bg4 13. Rfe1 Nc7 14. Rad1 Ne6 15. Bc3 Qb6 16. Qb2
Bxf3 17. Bxf3 Nd7 18. Bg4 Bxc3 19. Qxc3 Ne5 20. Bxe6 {Schneider,I-Reinhard,M
Mittelrhein 1993 1-0 (70)}) ({RR} 5... d6 6. Bd3 O-O 7. O-O c5 8. Nc3 Nh5 9.
Re1 Nc6 10. Bf1 Bg4 11. h3 Bxf3 12. Qxf3 Nd4 13. Qd1 e6 14. Rb1 Qg5 15. d3 f5
16. exf5 gxf5 17. Bc1 Qh4 18. Ne2 Kh8 19. Nxd4 Bxd4 20. Be3 {Manakova,M (2336)
-Stojanovic,A (2318) Belgrade 2011 1-0 (34)}) ({RR} 5... d6 6. Nc3 O-O 7. d4
Nbd7 8. Qd2 c5 9. d5 Ng4 10. Be2 Nde5 11. Nxe5 Nxe5 12. O-O f5 13. f4 Nf7 14.
exf5 Bxf5 15. Nd1 Qc8 16. Bxg7 Kxg7 17. Qc3+ Kg8 18. Ne3 Nh6 19. Rae1 Qd7 20.
Nxf5 {Oberling,R-Kramer,S Germany 2002 1-0 (54)}) 6. e5 Ne4 7. Be2 O-O 8. O-O
Bg4 9. d3 Bxf3 10. Bxf3 Ng5 11. d4 Nxf3+ 12. Qxf3 dxc4 13. bxc4 Nd7 14. Qe2 f6
15. exf6 exf6 16. Nd2 Re8 17. Qf3 Qe7 18. Rad1 Nb6 19. c5 Nd5 20. Nc4 Qe2 21.
Qb3 Re7 22. Nd6 Qe6 23. Bc1 b5 24. Bd2 Qg4 25. Bc1 Qd7 1/2-1/2

[Event "II Criciúma Chess Open - A1700 - 12-18"]
[Site "Criciúma SC"]
[Date "2024.01.17"]
[Round "8.9"]
[White "Federzoni, Enzo"]
[Black "Caetano, Ryan Wesley Da Cost"]
[Result "1/2-1/2"]
[WhiteElo "2170"]
[BlackElo "2184"]
[PlyCount "35"]
[EventDate "2024.01.12"]
[EventRounds "9"]
[EventCountry "BRA"]

1. e4 e5 2. Nf3 Nc6 3. d4 exd4 4. Nxd4 Bc5 5. Nxc6 bxc6 6. Bd3 d6 7. O-O Nf6 8.
Nd2 O-O ({RR} 8... Nd7 9. Nf3 O-O 10. Re1 Qf6 11. Qe2 Ne5 12. Nxe5 Qxe5 13. c3
Rb8 14. Rb1 Be6 15. b4 Bb6 16. Kh1 Rfe8 17. f4 Qf6 18. e5 dxe5 19. fxe5 Qf2 20.
Qxf2 Bxf2 21. Re2 Rbd8 22. Bc2 Bb6 23. Bg5 {Demianjuk,A (2330)-Pashikian,A 
(2592) Yerevan 2017 0-1}) 9. h3 h6 10. Nb3 Bb6 11. a4 $146 ({RR} 11. Qf3 Be6
12. Be3 Nd7 13. Qg3 Bxe3 14. Qxe3 c5 15. Na5 Re8 16. f4 c6 17. Qd2 Qb6 18. Kh1
Nf6 19. c4 Rad8 20. Rae1 d5 21. cxd5 cxd5 22. exd5 Rxd5 23. f5 Bd7 24. Nc4 Qd8
25. Ne3 Ne4 {Jones,G (2650)-Kasimdzhanov,R (2703) Almaty 2016 0-1 (39)}) 11...
a5 12. Bd2 Re8 13. Re1 Nd7 14. Be3 Ne5 15. Bxb6 cxb6 16. Nd4 Qf6 17. Bf1 Bd7
18. Ra3 1/2-1/2

[Event "II Criciúma Chess Open - A1700 - 12-18"]
[Site "Criciúma SC"]
[Date "2024.01.17"]
[Round "8.10"]
[White "Labussiere, Yago"]
[Black "Librelato, Kathie Goulart"]
[Result "1/2-1/2"]
[WhiteElo "2167"]
[BlackElo "2170"]
[PlyCount "85"]
[EventDate "2024.01.12"]
[EventRounds "9"]
[EventCountry "BRA"]

1. c4 Nf6 2. Nc3 g6 3. e4 d6 4. d4 Bg7 5. Be2 O-O 6. Be3 Nc6 7. d5 Ne5 8. Nf3 (
{RR} 8. f4 Neg4 9. Bd2 Nh6 10. h3 e6 11. g4 exd5 12. exd5 Re8 13. Kf1 c6 14.
Nf3 Nfxg4 15. hxg4 Bxg4 16. Ng5 Bxc3 17. Bxc3 Bxe2+ 18. Qxe2 Rxe2 19. Rxh6 Rc2
20. Rxh7 f6 21. Rh6 Kg7 22. Rh7+ Kg8 {Aronian,L (2782)-Naroditsky,D (2623)
chess24.com INT 2021 1/2-1/2}) ({RR} 8. h3 e6 9. Qc2 exd5 10. cxd5 c6 11. dxc6
bxc6 12. Rd1 Qe7 13. Nf3 Bb7 14. O-O c5 15. Bg5 Nxf3+ 16. Bxf3 Qe5 17. Bh4 Nh5
18. Bxh5 Qxh5 19. Be7 Rfe8 20. Bxd6 Bd4 21. b4 Rac8 22. bxc5 Bxc5 {Priyanka,N 
(2187)-Kaasen,T (2446) Roquetas de Mar ESP 2022 1/2-1/2 (31)}) 8... Neg4 $146 (
{RR} 8... Nfg4 9. Bd2 c6 10. O-O cxd5 11. cxd5 a6 12. a4 Nxf3+ 13. Bxf3 Ne5 14.
Be2 a5 15. Rc1 Nd7 16. Be3 Nc5 17. Bxc5 dxc5 18. Qb3 b6 19. Bc4 Ba6 20. Nb5
Bxb5 21. Bxb5 Kh8 22. f4 e6 23. dxe6 {Eiersbrock,R (1992)-Haselhorst,H (2052)
Germany 2014 1-0 (38)}) ({RR} 8... Nfg4 9. Bd2 e6 10. Nxe5 Nxe5 11. f4 Nd7 12.
O-O e5 13. f5 a5 14. Be3 Nc5 15. Bg4 Kh8 16. Qf3 Bf6 17. Qh3 g5 18. Rad1 b6 19.
Qh6 Bd7 20. Rf3 Bg7 21. Qxg5 Bf6 22. Qh5 Rg8 23. Rh3 {Gaehwiler,G (2419)-Mazur,
S (2472) Balatonszarszo 2017 1-0 (42)}) ({RR} 8... Nfg4 9. Bg5 Nxf3+ 10. Bxf3
Bxc3+ 11. bxc3 f6 12. Bd2 Ne5 13. Be2 Nd7 14. Be3 Nc5 15. Bxc5 dxc5 16. f4 e5
17. dxe6 Bxe6 18. O-O Qxd1 19. Raxd1 Rae8 20. Kf2 Re7 21. Rd2 Bd7 22. Bd3 Bc6
23. Re2 {Bosman,M (2371)-Nijboer,F (2472) Netherlands NED 2021 1/2-1/2 (31)})
9. Bd2 Nd7 10. O-O a5 11. h3 Ngf6 12. Be3 b6 13. Qc2 Nc5 14. Rad1 Ne8 15. Nd4
Bd7 16. f4 e5 17. dxe6 Nxe6 18. Qd2 Nxd4 19. Bxd4 Bc6 20. Bf3 Bxd4+ 21. Qxd4
Qh4 22. e5 Bxf3 23. Rxf3 dxe5 24. Qxe5 Rd8 25. Nd5 Rd7 26. Rfd3 h5 27. g3 Qxh3
28. Ne7+ Rxe7 29. Qxe7 Qg4 30. Qe3 Nd6 31. b3 Re8 32. Qf3 Qh3 33. Rf1 Nf5 34.
Rfd1 Kg7 35. Qf2 c5 36. Re1 Rxe1+ 37. Qxe1 h4 38. Rd8 Kh7 39. Qe8 Qxg3+ 40. Kh1
Qh3+ 41. Kg1 Qg3+ 42. Kh1 Qh3+ 43. Kg1 1/2-1/2

[Event "II Criciúma Chess Open - A1700 - 12-18"]
[Site "Criciúma SC"]
[Date "2024.01.17"]
[Round "8.11"]
[White "Bueno, Alfeu Junior Varela"]
[Black "Schena, Arthur"]
[Result "1/2-1/2"]
[WhiteElo "2156"]
[BlackElo "1878"]
[PlyCount "73"]
[EventDate "2024.01.12"]
[EventRounds "9"]
[EventCountry "BRA"]

1. e4 g6 2. d4 Bg7 3. Nf3 d6 4. Nc3 Nf6 5. Be2 O-O 6. h3 Nbd7 7. e5 Ne8 ({RR} 
7... dxe5 8. dxe5 Ne8 9. e6 fxe6 10. Ng5 Bxc3+ 11. bxc3 Rf6 12. Bc4 Ng7 13. O-O
Qf8 14. Ne4 Rf5 15. f4 Nf6 16. Ng3 Rc5 17. Qd4 Ra5 18. f5 Nxf5 19. Nxf5 Rxf5
20. Rxf5 gxf5 21. Qe5 Ne4 22. Bf4 {Lukosius,R (1800)-Scekaciov,R (1212)
Klaipeda 2017 1/2-1/2 (58)}) 8. e6 fxe6 9. Ng5 Ndf6 10. Bc4 $146 ({RR} 10. h4
c6 11. Qd3 Qa5 12. h5 gxh5 13. Nxh7 Nxh7 14. Rxh5 Rf5 15. Rxh7 {1/2-1/2 (15)
Urytskyy,M (2019)-Oschetzki,S (2077) Bayern 2009}) 10... d5 11. Bd3 c5 12. dxc5
e5 13. h4 Qa5 14. h5 Ng4 15. Bxg6 Nef6 16. Bxh7+ Nxh7 17. Qxd5+ Kh8 18. Nf7+
Rxf7 19. Qxf7 Qxc5 20. Qe8+ Bf8 21. O-O Ngf6 22. Qd8 b6 23. Be3 Qc6 24. Qd3 Bb7
25. Qg6 Bh6 26. Bxh6 Rg8 27. f3 Rxg6 28. hxg6 Ng4 29. Bd2 Qc5+ 30. Kh1 Nf2+ 31.
Kh2 Qd4 32. Rae1 Qh4+ 33. Kg1 Ng5 34. Rxf2 Qg3 35. Kh1 Qh4+ 36. Kg1 Qg3 37. Kh1
1/2-1/2

[Event "II Criciúma Chess Open - A1700 - 12-18"]
[Site "Criciúma SC"]
[Date "2024.01.17"]
[Round "8.12"]
[White "Silva, Juliana Figueira Th"]
[Black "Silva, Kaua Marques"]
[Result "0-1"]
[WhiteElo "1747"]
[BlackElo "2142"]
[PlyCount "48"]
[EventDate "2024.01.12"]
[EventRounds "9"]
[EventCountry "BRA"]

1. d4 {ChessBase} Nf6 2. c4 e6 3. g3 c5 4. d5 exd5 5. cxd5 d6 6. Bg2 g6 7. e4
Bg7 8. Ne2 O-O 9. O-O Re8 10. Qc2 ({RR} 10. Nec3 b5 11. e5 Rxe5 12. Nxb5 Qb6 ({
RR} 12... Bg4 13. Qb3 ({RR} 13. f3 Rxd5) 13... Be2 14. Bf4 ({RR} 14. Re1 Bc4)
14... Bxf1 15. Kxf1) 13. N1c3 Ba6 14. a4 Re8 15. Bf4 Bxb5 16. Nxb5 Rd8 17. b4
Na6 ({RR} 17... cxb4 18. Rc1 Ne8 19. Re1) 18. bxc5 Nxc5 19. Rb1 Nh5 20. Bd2
Rab8 21. Qc2 Qa6 22. Rb4 Rbc8 23. Rfb1 Nf6 24. Qd1 Nfd7 {Agdestein,S (2605)
-Petursson,M (2590) Espoo 1989 CBM 014 [ChessBase] 1-0 (48)}) 10... b5 ({RR} 
10... Na6 11. Nec3 Rb8 12. a4 Nb4 13. Qd1 a6 14. Na3 b5 15. Re1 Bg4 16. f3 Bd7
17. Bf4 Qc7 18. Qd2 Nh5 19. Be3 Rb7 20. f4 Rbb8 21. Bf3 Nf6 22. e5 Ng4 23. e6
Nxe3 24. exd7 Qxd7 25. Kh1 {Sasson,R (1763)-Adar,I (1975) Jerusalem 2016 0-1 
(47)}) 11. Nd2 $146 ({RR} 11. h3 Na6 {1/2-1/2 (11) Tibensky,R (2425)-Banas,J 
(2380) Slovakia 1994}) ({RR} 11. a4 b4 12. Nd2 Nxd5 13. Re1 Nc7 14. Nc4 Ba6 15.
Bf4 Bxc4 16. Qxc4 Nc6 17. Rad1 Be5 18. Be3 Ne6 19. f4 Bxb2 20. e5 Ncd4 21. Bxd4
Nxd4 22. Nxd4 Bxd4+ 23. Rxd4 cxd4 24. Bxa8 Qxa8 25. e6 fxe6 {Antal,L (2181)
-Szollosi,L (2368) Eger 2004 1/2-1/2 (36)}) ({RR} 11. f4 Nbd7 12. Bf3 Bb7 13.
a4 a6 14. axb5 axb5 15. Rxa8 Bxa8 16. b3 Qb6 17. Kg2 h5 18. h3 Nh7 19. Bb2 Bxb2
20. Qxb2 Bb7 21. Nbc3 Ndf6 22. b4 c4 23. Qd2 Bc8 24. Ra1 Bd7 25. Qd4 Qb8 {
Babu,N (2317)-Satyapragyan,S (2451) Bhubaneswar 2011 1-0 (54)}) 11... Nxd5 12.
exd5 Rxe2 13. Be4 Bh3 14. Qd3 Bxf1 15. Kxf1 Rxd2 16. Bxd2 c4 17. Qa3 Bd4 18.
Bf4 Bc5 19. Qc3 Nd7 20. g4 Qh4 21. Qf3 Nf6 22. Re1 Nxg4 23. Qg3 Bxf2 24. Qxh4
Bxh4 0-1

[Event "II Criciúma Chess Open - A1700 - 12-18"]
[Site "Criciúma SC"]
[Date "2024.01.17"]
[Round "8.13"]
[White "Borges, Guilherme Deola"]
[Black "Bitencourt, Evandro Jose Dos S"]
[Result "1-0"]
[WhiteElo "2142"]
[BlackElo "1863"]
[PlyCount "66"]
[EventDate "2024.01.12"]
[EventRounds "9"]
[EventCountry "BRA"]

1. e4 c5 2. Nf3 e6 3. b4 cxb4 4. d4 Nf6 5. Bd3 Be7 6. a3 d5 ({RR} 6... bxa3 7.
Bxa3 O-O 8. O-O d5 9. e5 Ne8 10. Nbd2 Nc6 11. Qe2 Bxa3 12. Rxa3 Nb4 13. Ne1 a6
14. f4 g6 15. c3 Nxd3 16. Nxd3 Qe7 17. Rb3 Nc7 18. Qg4 {1/2-1/2 (18) Sladek,J 
(1873)-Werner,R (1543) Prague CZE 2021}) 7. e5 Ne4 8. O-O Nc6 9. Re1 $146 ({RR
} 9. axb4 Nxb4 10. Ne1 O-O 11. f3 Qb6 12. Be2 Bh4 13. Be3 Bxe1 14. Rxe1 Qc6 15.
c4 dxc4 16. fxe4 c3 17. d5 exd5 18. Qb3 a5 19. Nxc3 d4 20. Bxd4 Be6 21. Nd5
Nxd5 22. exd5 Bxd5 23. Qg3 Qg6 {Konstacky,M (2012)-Sadzikowski,D (2118) Frydek
Mistek 2007 1/2-1/2 (54)}) ({RR} 9. axb4 Nxb4 10. Bxe4 dxe4 11. Ne1 Bd7 12. c3
Na6 13. Qg4 g6 14. f3 f5 15. exf6 Bxf6 16. fxe4 e5 17. Qf3 O-O 18. Ba3 Be7 19.
Qg3 Rxf1+ 20. Kxf1 Bb5+ 21. Kg1 exd4 22. Qe5 Bxa3 23. Nxa3 Bc6 {Valbuena
Castro,G (1682)-Garcia Quevedo,J (1882) Barcelona 2017 0-1 (31)}) 9... Nc3 10.
Qd2 Nxb1 11. Rxb1 bxa3 12. c3 Qa5 13. h4 Qa4 14. h5 h6 15. Qf4 Bd7 16. Nd2 Na5
17. Qg4 Bf8 18. Ra1 a2 19. f4 Rc8 20. Bb2 Nc4 21. Nxc4 dxc4 22. Be4 Qb3 23. Re2
a5 24. f5 a4 25. Rf1 a3 26. Ba1 Ra8 27. Qf3 Ra5 28. fxe6 fxe6 29. Bxb7 Qb6 30.
Be4 Kd8 31. Qe3 Rb5 32. Rxa2 Rb3 33. Raf2 Be7 1-0

[Event "II Criciúma Chess Open - A1700 - 12-18"]
[Site "Criciúma SC"]
[Date "2024.01.17"]
[Round "8.14"]
[White "Mariani, Daniel Brandao"]
[Black "Do Nascimento, Christian Almeida"]
[Result "1/2-1/2"]
[WhiteElo "2040"]
[BlackElo "2123"]
[PlyCount "51"]
[EventDate "2024.01.12"]
[EventRounds "9"]
[EventCountry "BRA"]

1. d4 Nf6 2. c4 e6 3. g3 Bb4+ 4. Bd2 Be7 5. Bg2 d5 6. Qc2 O-O 7. Nf3 c6 8. O-O
b6 9. Bf4 Bb7 10. Rd1 Nbd7 11. Nbd2 ({RR} 11. cxd5 Nxd5 12. Nc3 Rc8 13. Ne5
N7f6 14. Bg5 h6 15. Bxf6 Bxf6 16. Ne4 Be7 17. Qa4 Qc7 18. Rac1 Rfd8 19. a3 a5
20. Qb3 Qb8 21. Qf3 Nf6 22. g4 Rd5 23. Nc3 Rdd8 24. h4 Bd6 25. g5 hxg5 {
Ghazarian,K (2379)-Braeuer,F (2435) Marianske Lazne CZE 2022 1-0 (36)}) 11...
Nh5 12. Be3 f5 13. Nf1 $146 ({RR} 13. Bf4 Nxf4 14. gxf4 Rf6 15. Rac1 Bd6 16.
Ne5 Rh6 17. cxd5 cxd5 18. Ndf3 Rc8 19. Qa4 Nxe5 20. fxe5 Bb8 21. Rxc8 Bxc8 22.
Qc6 Qd7 23. Rc1 Qxc6 24. Rxc6 Bd7 25. Rc3 Kf8 26. Ng5 Rh5 27. f4 Ke7 {Lorenc,M
(2190)-Skrobek,R (2405) Wisla 1998 0-1 (62)}) ({RR} 13. Nb3 Bd6 14. Nc1 Rc8 {
1/2-1/2 (14) Schlosser,P (2500)-Ribli,Z (2610) Baden-Baden 1992}) ({RR} 13. Ne5
Nxe5 14. dxe5 f4 15. gxf4 Nxf4 16. Bxf4 Rxf4 17. e3 Rh4 18. Nf3 Rh5 19. Qe2 Qe8
20. Nd4 Rxe5 21. f4 Rh5 22. Nxe6 Bf6 23. Nc7 Qg6 24. Nxa8 Bxa8 25. cxd5 cxd5
26. Rac1 Qe8 27. Qg4 Qxe3+ {Palchuk,A (2188)-Svane,F (2470) chess.com INT 2021
1-0 (42)}) 13... Qe8 14. Rac1 Rc8 15. Qd2 Bd6 16. Bf4 Nxf4 17. gxf4 Qe7 18. a3
Nf6 19. e3 Ne4 20. Qe1 Ba6 21. cxd5 Bxf1 22. Qxf1 exd5 23. Ne5 Bxe5 24. dxe5 a5
25. Bxe4 fxe4 26. Qh3 1/2-1/2

[Event "II Criciúma Chess Open - A1700 - 12-18"]
[Site "Criciúma SC"]
[Date "2024.01.17"]
[Round "8.15"]
[White "Lima, Kleyton Alcantara"]
[Black "De Oliveira, Jairo Quintiliano"]
[Result "1-0"]
[WhiteElo "2119"]
[BlackElo "1840"]
[PlyCount "79"]
[EventDate "2024.01.12"]
[EventRounds "9"]
[EventCountry "BRA"]

1. e4 e5 2. Nf3 Nc6 3. Bb5 a6 4. Ba4 Nf6 5. O-O Nxe4 6. d4 b5 7. Bb3 d5 8. dxe5
Be6 9. Qe2 Na5 10. Rd1 ({RR} 10. Nd4 g6 11. c3 Nxb3 12. axb3 Nc5 13. b4 Nd7 14.
f4 c5 15. f5 cxd4 16. fxe6 fxe6 17. Qf2 Qe7 18. cxd4 Nb6 19. Bg5 Qd7 20. Nd2
Bxb4 21. Qh4 Rf8 22. Nf3 Na4 23. Rf2 Nxb2 24. Rxb2 Bc3 {Tazbir,M (2555)
-Simacek,P (2485) Czechia 2014 1-0 (38)}) 10... Bc5 11. Be3 Bxe3 ({RR} 11...
O-O 12. Nbd2 Bxe3 13. Qxe3 Nxd2 14. Rxd2 c6 15. c3 Qc7 16. Rd4 Nxb3 17. axb3 f6
18. Re1 Rae8 19. exf6 Rxf6 20. Ne5 Bf7 21. f4 Bg6 22. Rd2 Be4 23. g3 Rfe6 24.
h4 a5 25. c4 bxc4 26. bxc4 {Rehurek,L (2182)-Juricek,S (2024) Czech Republic
CZE 2019 0-1 (44)}) 12. Qxe3 c5 $146 ({RR} 12... O-O 13. Nc3 Nxc3 14. Qxc3 c6
15. Qc5 Rb8 16. h3 Qb6 17. Qe7 Rbd8 18. c3 Rd7 19. Qh4 Nxb3 20. axb3 c5 21. b4
Rc7 22. bxc5 Rxc5 23. Qd4 Qc6 24. Rxa6 Qxa6 25. Qxc5 Qa4 26. Qd4 Qb3 27. Rd2 {
Valderrama Quiceno,E (1862)-Hernandez Fierro,L (1970) San Andres Islas 2013
1-0 (41)}) 13. c3 Nxb3 14. axb3 c4 15. b4 O-O 16. Nd4 Bd7 17. f3 Ng5 18. Nd2
Ne6 19. f4 Qb6 20. N2f3 f6 21. Re1 Nxd4 22. Qxd4 Rab8 23. Re3 Qxd4 24. Nxd4 Rb6
25. e6 Bc8 26. f5 Re8 27. Rd1 Kf8 28. Ne2 Bb7 29. Nf4 Rd6 30. Kf2 Ke7 31. Rh3
h6 32. Rg3 Rg8 33. Rg6 d4 34. Rxd4 Rxd4 35. cxd4 Be4 36. g4 a5 37. bxa5 b4 38.
Ke3 c3 39. b3 Bc2 40. Nd5+ 1-0

[Event "II Criciúma Chess Open - A1700 - 12-18"]
[Site "Criciúma SC"]
[Date "2024.01.17"]
[Round "8.16"]
[White "Dias, Clara"]
[Black "Pedroso, Denian"]
[Result "1/2-1/2"]
[WhiteElo "1717"]
[BlackElo "1924"]
[PlyCount "116"]
[EventDate "2024.01.12"]
[EventRounds "9"]
[EventCountry "BRA"]

1. e4 c5 2. Nf3 e6 3. d4 cxd4 4. Nxd4 Nf6 5. Nc3 Nc6 6. a3 d5 7. Bb5 Bd7 8.
exd5 exd5 9. O-O Be7 10. Re1 O-O 11. Be3 ({RR} 11. Bg5 Re8 12. Qd3 h6 13. Bh4
Rc8 14. Rad1 Nxd4 15. Bxd7 Nxd7 16. Bxe7 Rxe7 17. Qxd4 Nb6 18. b3 Qe8 19. Kf1
Re6 20. Nxd5 Rxc2 21. Nxb6 axb6 22. Rxe6 Qxe6 23. Qd8+ Kh7 24. Qd3+ Qg6 25.
Qxg6+ fxg6 {Navara,D (2735)-Krasenkow,M (2610) Drancy 2016 1-0 (53)}) 11... Re8
12. h3 Rc8 $146 ({RR} 12... Qc7 13. Ba4 a6 14. Bb3 Be6 15. Bg5 h6 16. Nxe6 fxe6
17. Bh4 Qd7 18. Qd3 Nh5 19. Bxe7 Rxe7 20. g3 Nf6 21. Rad1 Kh8 22. Ne2 Ne4 23.
Qe3 Qe8 24. f3 Nd6 25. Nf4 Nf5 26. Qf2 Qf7 27. c4 {Bazeev,G (2179)-Bragina,A 
(2050) St Petersburg 2007 1/2-1/2 (80)}) 13. Nf3 a6 14. Bf1 Bf5 15. Qd2 d4 16.
Nxd4 Nxd4 17. Bxd4 Bxc2 18. Qf4 Qa5 19. Re2 Qf5 20. Qg3 Qg6 21. Rae1 Bf8 22.
Bxf6 Rxe2 23. Rxe2 Qxg3 24. fxg3 Bc5+ 25. Kh2 Bd3 26. Be5 Bxe2 27. Nxe2 f6 28.
Bc3 Kf7 29. a4 g5 30. Nc1 Bd6 31. Nb3 h5 32. Nd4 h4 33. Nf5 hxg3+ 34. Kh1 Bf4
35. Kg1 Ke6 36. Bd3 b5 37. axb5 axb5 38. Nd4+ Kd5 39. Nxb5 Kc5 40. Kf1 Rd8 41.
b4+ Kc6 42. Nd4+ Kd5 43. Nf3 f5 44. Bxf5 Kc4 45. Be1 Ra8 46. Be6+ Kd3 47. b5
Ra1 48. b6 Ke3 49. b7 Rb1 50. h4 gxh4 51. Nxh4 Rxb7 52. Nf5+ Ke4 53. Nxg3+ Ke5
54. Bc4 Rb1 55. Ke2 Rxe1+ 56. Kxe1 Bxg3+ 57. Ke2 Kf4 58. Bd5 Bh2 1/2-1/2

[Event "II Criciúma Chess Open - A1700 - 12-18"]
[Site "Criciúma SC"]
[Date "2024.01.17"]
[Round "8.17"]
[White "Burgos, Marcelo Alves"]
[Black "Torella, Rodolfo"]
[Result "1-0"]
[WhiteElo "2130"]
[BlackElo "1878"]
[PlyCount "93"]
[EventDate "2024.01.12"]
[EventRounds "9"]
[EventCountry "BRA"]

1. d4 Nf6 2. c4 c5 3. d5 e6 4. Nc3 exd5 5. cxd5 d6 6. g3 g6 7. Bg2 Bg7 8. Nf3
O-O 9. O-O Re8 10. Re1 Na6 11. Nd2 Nc7 12. a4 b6 13. Nc4 Ba6 14. Qb3 Bxc4 15.
Qxc4 a6 16. Bf4 $146 ({RR} 16. Qd3 Rb8 17. e4 b5 18. axb5 axb5 19. Bd2 Nd7 20.
Qc2 b4 21. Ne2 Nb5 22. f4 Qf6 23. Ra2 Nd4 24. Qd1 c4 25. e5 dxe5 26. Nxd4 exd4
27. Rxe8+ Rxe8 28. Bxb4 d3 29. Kf1 Qb6 30. Qa4 Qe3 {Govciyan,P (2174)-Manolov,
I (2303) Cannes 2001 0-1}) 16... Qd7 17. e4 b5 18. Qf1 b4 19. Nd1 Nh5 20. Bh3
Qd8 21. Bc1 Nf6 22. f3 Nd7 23. Ne3 a5 24. Rb1 Bd4 25. Kh1 Nb6 26. b3 Qf6 27.
Bg2 h5 28. f4 Rad8 29. Bd2 Re7 30. Qd3 Qg7 31. Re2 Qf8 32. Rbe1 Bg7 33. h3 Bh6
34. Rf1 Rde8 35. g4 hxg4 36. hxg4 Bg7 37. f5 Be5 38. g5 Qg7 39. Ng4 Qh7+ 40.
Nh6+ Kh8 41. f6 Bxf6 42. Rxf6 Nd7 43. Rf1 Ne5 44. Qh3 Rb8 45. Bf4 Rf8 46. Bxe5+
Rxe5 47. Nxf7+ 1-0

[Event "II Criciúma Chess Open - A1700 - 12-18"]
[Site "Criciúma SC"]
[Date "2024.01.17"]
[Round "8.18"]
[White "Woichinevski, Joao Vinicius Peru"]
[Black "Borger, David Lupovici"]
[Result "0-1"]
[WhiteElo "1747"]
[BlackElo "1899"]
[PlyCount "24"]
[EventDate "2024.01.12"]
[EventRounds "9"]
[EventCountry "BRA"]

1. Nf3 d5 2. d4 Nf6 3. c4 e6 4. g3 dxc4 5. Qa4+ Bd7 6. Qxc4 c5 7. Bg2 ({RR} 7.
dxc5 Bc6 8. Nc3 Nbd7 9. Be3 Rc8 10. Bg2 Bxc5 11. Bxc5 Bxf3 12. Bxf3 Rxc5 13.
Qb4 b6 14. Na4 Rc7 15. Qd6 Nb8 16. Qf4 O-O 17. O-O b5 18. Nc3 a6 19. Rfd1 Qe7
20. a3 h6 21. Qd6 Qxd6 {Balog,I (2578)-Harikrishna,P (2725) chess.com INT 2021
1-0 (64)}) ({RR} 7. dxc5 Nc6 8. Nc3 Rc8 9. Bg2 Qa5 10. O-O Qxc5 11. Qd3 Be7 12.
Bg5 Rd8 13. Bxf6 gxf6 14. Rac1 O-O 15. Qb1 Qa5 16. Rfd1 Bc8 17. e3 Rxd1+ 18.
Rxd1 Rd8 19. Nd4 Bd7 20. Nxc6 bxc6 21. Qc2 Be8 {Finek,V (2425)-Kusa,J (2297)
Marianske Lazne CZE 2022 1/2-1/2 (42)}) 7... b5 8. Qc2 Na6 9. e4 $146 ({RR} 9.
O-O Rc8 10. Qd1 Bc6 11. dxc5 Bxc5 12. Qxd8+ Kxd8 13. Ne5 Bxg2 14. Kxg2 Ke7 15.
Nd3 Nd5 16. Bd2 Rhd8 17. Nxc5 Rxc5 18. Nc3 b4 19. Nxd5+ Rdxd5 20. Be3 Rc2 21.
b3 Ra5 22. Rfe1 Raxa2 23. Rxa2 Rxa2 {Galego,L (2501)-Vaibhav,S (2430) London
2011 1/2-1/2 (46)}) ({RR} 9. O-O Rc8 10. Qd1 Bc6 11. a4 b4 12. Qd3 Qb6 13. Nbd2
Qb7 14. Nb3 Bd5 15. Qb5+ Qxb5 16. axb5 Nc7 17. Nxc5 Nxb5 18. Be3 Bd6 19. Ra5
Rb8 20. Ne5 Bc7 21. Ra4 Bxg2 22. Kxg2 Bxe5 23. dxe5 Nd5 {Grachev,B (2673)
-Oparin,G (2562) Moscow 2015 1-0 (65)}) ({RR} 9. O-O Rc8 10. Qd1 Be7 11. Ne5
Qb6 12. Nxd7 Nxd7 13. Be3 O-O 14. Nc3 Rfd8 15. Rc1 Ne5 16. dxc5 Nxc5 17. Qc2
Ng4 18. Nd1 Nxe3 19. Nxe3 Rc7 20. Rfd1 Rdc8 21. Qd2 h6 22. h4 Na4 23. Rxc7 Qxc7
{Modi,S (1893)-Brilej,J (2089) Mamaia 2017 0-1 (39)}) 9... Rc8 10. Qe2 cxd4 11.
Bg5 Qa5+ 12. Bd2 Rc1+ 0-1